| 000 | 00702 a2200229 4500 | ||
|---|---|---|---|
| 003 | OSt | ||
| 005 | 20180116192354.0 | ||
| 008 | 120601t xxu||||| |||| 00| 0 eng d | ||
| 020 | _a9783822857724 | ||
| 040 | _c0 | ||
| 082 | 0 | 4 | _a720.92 |
| 100 | 1 |
_a Nouvel, Jean _93361 |
|
| 245 | 0 | 1 |
_a Jean Nouvel / _cNouvel, Jean. _nVOL. 1 _pSADA(1970-1992) |
| 260 |
_aLondon : _bTaschen , _c2008. |
||
| 300 |
_aVOL. 1 _bill. ; _c36 cm |
||
| 600 | 1 | 0 |
_aNouvel, Jean, _d1945- _93362 |
| 650 | 1 | 0 |
_aArchitecture, Modern _93363 |
| 650 | 1 | 0 |
_aMuseum architecture _93364 |
| 651 | 0 |
_aFrance _xArchitects _93365 |
|
| 942 |
_aSADA _cREF _kREF 720.92 NOU 2008 _2ddc |
||
| 999 |
_c353029 _d353029 |
||